Statystyki dla Nazwij Zwycięzców Ligi mistrzów do 2009 roku

Kliknij tutaj aby rozwiązać quiz!

Ogólne statystyki

  • Ten quiz został rozwiązany 39 razy
  • Średni wynik to 14 z 15

Statystyki odpowiedzi

RokOdpowiedź% Poprawnych
2022Real madryt
100%
2018Real madryt
100%
2017Real madryt
100%
2016Real madryt
100%
2014Real madryt
100%
2015Fc barcelona
97%
2011Fc Barcelona
97%
2009Fc barcelona
97%
2023Manchester City
94%
2020Bayern
91%
2013bayern
91%
2021Chelsea
91%
2012chelsea
91%
2019liverpool
82%
2010Inter
79%

Rozkład punktacji

Percentyl według liczby udzielonych odpowiedzi

Procent ludzi z każdym wynikiem

Twoja historia wyników

Nie rozwiązałeś tego quizu